[Event "Pan American-ch U14"]
[Site "Montevideo"]
[Date "2022.06.27"]
[Round "2"]
[White "Lavandeira, Juan Facundo"]
[Black "Handstok, Matias"]
[Result "1-0"]
[WhiteElo "1676"]
[BlackElo "1912"]
[PlyCount "126"]
[EventDate "2022.06.26"]
[EventType "swiss"]
[EventRounds "9"]
[EventCountry "URU"]
[SourceTitle "EXT 2023"]
[Source "ChessBase"]
[SourceDate "2022.10.05"]
[SourceVersion "1"]
[SourceVersionDate "2022.10.05"]
[SourceQuality "1"]

1. c4 c5 2. g3 g6 3. Bg2 Bg7 4. Nc3 d6 5. e4 Nc6 6. Nge2 e6 7. d3 Nge7 8. 0-0 0-0 9. Be3 Nd4 10. Qd2 a6 11. Bh6 Rb8 12. Bxg7 Kxg7 13. f4 Nec6 14. Nxd4 Nxd4 15. Ne2 f5 16. Nxd4 cxd4 17. Rae1 b5 18. e5 dxe5 19. Rxe5 bxc4 20. dxc4 d3 21. b3 Qd4+ 22. Qf2 Qd7 23. Rd1 Rd8 24. Re3 Qc7 25. Rexd3 Rxd3 26. Rxd3 a5 27. Qd4+ Kh6 28. h3 Bb7 29. g4 Bxg2 30. Kxg2 Qc6+ 31. Kh2 Qe4 32. g5+ Kh5 33. Qxe4 fxe4 34. Rd7 Rh8 35. Re7 h6 36. gxh6 Kxh6 37. Rxe6 Rd8 38. Rxe4 Rd2+ 39. Kg3 Rxa2 40. Re3 Kg7 41. Rc3 Ra3 42. Rf3 Ra1 43. Re3 Kf6 44. Kf3 Rc1 45. Ke4 a4 46. Kd5 a3 47. Re6+ Kf5 48. Ra6 Ra1 49. b4 a2 50. Kc5 Kxf4 51. b5 Ke4 52. Ra3 Ke5 53. Re3+ Kf4 54. Re2 Kg3 55. b6 Kxh3 56. Rb2 g5 57. b7 Rb1 58. b8Q a1Q 59. Rxb1 Qa3+ 60. Qb4 Qa7+ 61. Qb6 Qe7+ 62. Kb5 Qd7+ 63. Ka5 Qd4 1-0

[Event "Montevideo Duchamp Cup 5th"]
[Site "Montevideo"]
[Date "2022.02.16"]
[Round "6"]
[White "Lavandeira, Juan Facundo"]
[Black "Masoller, Martin"]
[Result "1-0"]
[WhiteElo "1520"]
[BlackElo "1743"]
[PlyCount "88"]
[EventDate "2022.02.12"]
[EventType "swiss"]
[EventRounds "9"]
[EventCountry "URU"]
[SourceTitle "CBM 206 Extra"]
[Source "ChessBase"]
[SourceDate "2022.03.31"]
[SourceVersion "1"]
[SourceVersionDate "2022.03.31"]
[SourceQuality "1"]

1. c4 e5 2. g3 Nf6 3. Bg2 d5 4. cxd5 Nxd5 5. Nc3 Nb6 6. Nf3 Nc6 7. d3 Be7 8. 0-0 0-0 9. a3 Be6 10. b4 f6 11. Bb2 a5 12. b5 Nd4 13. Nxd4 exd4 14. Ne4 f5 15. Nd2 Bd5 16. Bxd5+ Qxd5 17. Qb3 Bf6 18. Qxd5+ Nxd5 19. Nf3 Nc3 20. Bxc3 dxc3 21. Rac1 Rad8 22. Rfd1 Rd5 23. a4 Rc5 24. Rc2 g5 25. Nd2 b6 26. Nb3 Rd5 27. d4 Rfd8 28. Rxc3 R8d7 29. e3 f4 30. Rdc1 fxe3 31. fxe3 Bd8 32. Nd2 Kg7 33. Rc6 Rf5 34. Rf1 Rf6 35. Rfxf6 Bxf6 36. Ne4 Be7 37. Kf2 h6 38. Kf3 Bb4 39. Kg4 Re7 40. Kf5 Rf7+ 41. Rf6 Re7 42. Rg6+ Kf7 43. Rxh6 Kg7 44. Rg6+ Kh7 1-0

[Event "South America-ch U10 16th"]
[Site "Buenos Aires"]
[Date "2019.12.04"]
[Round "6.7"]
[White "Barreda, Julian"]
[Black "Lavandeira, Juan Facundo"]
[Result "0-1"]
[WhiteElo "1199"]
[BlackElo "1454"]
[PlyCount "112"]
[EventDate "2019.12.01"]
[EventType "swiss"]
[EventRounds "9"]
[EventCountry "ARG"]
[SourceTitle "EXT 2024"]
[Source "ChessBase"]
[SourceDate "2023.10.10"]
[SourceVersion "1"]
[SourceVersionDate "2023.10.10"]
[SourceQuality "1"]

1. e4 Nf6 2. Nc3 d5 3. exd5 Nxd5 4. Nxd5 Qxd5 5. Nf3 Bg4 6. Be2 Nc6 7. h3 Bh5 8. 0-0 0-0-0 9. c4 Qd7 10. a3 Bxf3 11. Bxf3 Ne5 12. Qb3 Nxf3+ 13. Qxf3 e6 14. Rd1 Bc5 15. b4 Bd4 16. Rb1 Bf6 17. d3 Qe7 18. Be3 Bd4 19. Qf4 Bxe3 20. Qxe3 b6 21. Qf3 Kd7 22. d4 Qf6 23. Qxf6 gxf6 24. c5 b5 25. Rd3 Ke7 26. Re1 Rd5 27. Red1 Rhd8 28. f3 e5 29. Kf2 Rxd4 30. Ke3 Rxd3+ 31. Rxd3 Rxd3+ 32. Kxd3 Ke6 33. g4 Kd5 34. h4 h6 35. Kc3 e4 36. f4 c6 37. g5 fxg5 38. fxg5 h5 39. Kd2 Ke5 40. Ke2 Kf4 41. Kd2 Kf3 42. Kc3 e3 43. Kd4 e2 44. Ke5 e1Q+ 45. Kf6 Qxh4 46. Kxf7 Qxg5 47. a4 bxa4 48. b5 Qxc5 49. bxc6 Qxc6 50. Ke7 h4 51. Kf7 h3 52. Ke7 h2 53. Kf7 h1R 54. Kg7 Rh6 55. Kf7 Qd7+ 56. Kf8 Rh8# 0-1

[Event "South America-ch U10 16th"]
[Site "Buenos Aires"]
[Date "2019.12.01"]
[Round "1.7"]
[White "Lavandeira, Juan Facundo"]
[Black "Zapana Huarza, Fabricio Elvis"]
[Result "1-0"]
[WhiteElo "1454"]
[BlackElo "1135"]
[PlyCount "131"]
[EventDate "2019.12.01"]
[EventType "swiss"]
[EventRounds "9"]
[EventCountry "ARG"]
[SourceTitle "EXT 2024"]
[Source "ChessBase"]
[SourceDate "2023.10.10"]
[SourceVersion "1"]
[SourceVersionDate "2023.10.10"]
[SourceQuality "1"]

1. d4 d5 2. c4 e6 3. Nf3 Nf6 4. g3 c5 5. cxd5 exd5 6. Nc3 c4 7. Bg2 Be7 8. 0-0 0-0 9. Ne5 Be6 10. Nxc4 Nc6 11. Ne5 Rc8 12. Bf4 a6 13. Nxc6 bxc6 14. Rc1 Bd6 15. Bxd6 Qxd6 16. Na4 Rb8 17. b3 Nd7 18. Qc2 Rfc8 19. Nc5 Nxc5 20. Qxc5 Qxc5 21. Rxc5 Rb4 22. e3 Rc7 23. Rfc1 Rb6 24. Bxd5 Bxd5 25. Rxd5 cxd5 26. Rxc7 g6 27. Rc5 Rd6 28. Kf1 Kg7 29. Ke2 Kf6 30. Kd3 Ke6 31. f3 f5 32. Rc7 h6 33. e4 fxe4+ 34. fxe4 dxe4+ 35. Kxe4 h5 36. d5+ Rxd5 37. Re7+ Kxe7 38. Kxd5 Kf6 39. Kc6 Kg5 40. Kb6 Kg4 41. Kxa6 Kh3 42. b4 Kxh2 43. b5 Kxg3 44. b6 g5 45. b7 Kh3 46. b8Q g4 47. Qb3+ g3 48. Qe6+ Kh4 49. Qe1 Kh3 50. Qh1+ Kg4 51. a4 h4 52. a5 h3 53. Kb6 g2 54. Qh2 Kf3 55. Qxh3+ Kf2 56. Qxg2+ Kxg2 57. a6 Kg3 58. a7 Kf4 59. a8Q Ke5 60. Qa5+ Kd4 61. Qf5 Ke3 62. Kc5 Ke2 63. Kd4 Kd2 64. Qf2+ Kc1 65. Kc3 Kb1 66. Qb2# 1-0

[Event "Pan American-ch U10"]
[Site "Guayaquil"]
[Date "2019.07.27"]
[Round "9"]
[White "Lavandeira, Juan Facundo"]
[Black "Montevilla Cahuasa, Jonathan Isaac"]
[Result "1-0"]
[WhiteElo "1536"]
[BlackElo "1175"]
[PlyCount "75"]
[EventDate "2019.07.21"]
[EventType "swiss"]
[EventRounds "9"]
[EventCountry "ECU"]
[SourceTitle "EXT 2020"]
[Source "ChessBase"]
[SourceDate "2019.10.17"]
[SourceVersion "1"]
[SourceVersionDate "2019.10.17"]
[SourceQuality "1"]

1. d4 d5 2. c4 c6 3. Nf3 Nf6 4. g3 e6 5. Bg2 Bd6 6. Qc2 0-0 7. 0-0 Nbd7 8. Nbd2 b6 9. e4 dxe4 10. Nxe4 Ba6 11. Nxd6 Qe7 12. Qa4 Nb8 13. Bf4 Nh5 14. Ne4 Nxf4 15. gxf4 b5 16. Qc2 bxc4 17. Rfd1 Qb4 18. a3 Qb3 19. Qxb3 cxb3 20. Nc5 Bc4 21. Ne5 Bd5 22. Bxd5 cxd5 23. Nxb3 f6 24. Nd3 Nd7 25. Nbc5 Nxc5 26. Nxc5 Kf7 27. Re1 Rfe8 28. Re3 Rab8 29. b4 Rb6 30. Rae1 Re7 31. f5 e5 32. dxe5 fxe5 33. Rxe5 Rxe5 34. Rxe5 Rd6 35. Re6 Rxe6 36. fxe6+ Kf6 37. f4 d4 38. Kf2 1-0

[Event "Pan American-ch U10"]
[Site "Guayaquil"]
[Date "2019.07.26"]
[Round "8"]
[White "Lavandeira, Juan Facundo"]
[Black "Boydell, Oliver"]
[Result "1/2-1/2"]
[WhiteElo "1536"]
[BlackElo "1231"]
[PlyCount "76"]
[EventDate "2019.07.21"]
[EventType "swiss"]
[EventRounds "9"]
[EventCountry "ECU"]
[SourceTitle "EXT 2020"]
[Source "ChessBase"]
[SourceDate "2019.10.17"]
[SourceVersion "1"]
[SourceVersionDate "2019.10.17"]
[SourceQuality "1"]

1. e4 c5 2. Nf3 d6 3. d4 cxd4 4. Nxd4 Nf6 5. Nc3 Nc6 6. Bc4 Bd7 7. Be3 e6 8. Qd2 Be7 9. Bb3 Ng4 10. h3 Nxe3 11. Qxe3 0-0 12. 0-0 a6 13. a4 Rc8 14. Nde2 Na5 15. Ba2 Nc4 16. Bxc4 Rxc4 17. Qd3 Rc8 18. f4 Qb6+ 19. Kh1 Rfd8 20. Rfb1 Be8 21. Qd4 Qxd4 22. Nxd4 Bf6 23. Nde2 Rc4 24. Rd1 Kf8 25. Rd3 b5 26. axb5 axb5 27. b3 Rcc8 28. Rc1 b4 29. Nd1 Bb5 30. Re3 Rc7 31. c4 bxc3 32. Nexc3 Bd4 33. Rg3 Rdc8 34. Rc2 Ba6 35. f5 e5 36. Rf3 Bb7 37. Rc1 Bxe4 38. Rg3 Bxf5 1/2-1/2

[Event "Wch U08"]
[Site "Pocos de Caldas"]
[Date "2017.08.27"]
[Round "6"]
[White "Sarda, Joao Sada"]
[Black "Lavandeira, Juan Facundo"]
[Result "0-1"]
[WhiteElo "1099"]
[BlackElo "1335"]
[PlyCount "28"]
[EventDate "2017.08.22"]
[EventType "swiss"]
[EventRounds "11"]
[EventCountry "BRA"]
[SourceTitle "CBM 180 Extra"]
[Source "ChessBase"]
[SourceDate "2017.10.06"]
[SourceVersion "1"]
[SourceVersionDate "2017.10.06"]
[SourceQuality "1"]

1. e4 d5 2. exd5 Qxd5 3. Nc3 Qa5 4. Nf3 Bg4 5. Be2 Nf6 6. 0-0 e6 7. d4 c6 8. Ne5 Bxe2 9. Qxe2 Bd6 10. Rd1 Nbd7 11. Nxd7 Nxd7 12. d5 Be5 13. dxe6 fxe6 14. Qd3 Qc7 0-1

[Event "Wch U08"]
[Site "Pocos de Caldas"]
[Date "2017.08.24"]
[Round "4"]
[White "Nath, Nitish"]
[Black "Lavandeira, Juan Facundo"]
[Result "1-0"]
[WhiteElo "1376"]
[BlackElo "1335"]
[PlyCount "57"]
[EventDate "2017.08.22"]
[EventType "swiss"]
[EventRounds "11"]
[EventCountry "BRA"]
[SourceTitle "CBM 180 Extra"]
[Source "ChessBase"]
[SourceDate "2017.10.06"]
[SourceVersion "1"]
[SourceVersionDate "2017.10.06"]
[SourceQuality "1"]

1. e4 Nf6 2. e5 Nd5 3. d4 d6 4. c4 Nb6 5. exd6 exd6 6. Nf3 Bg4 7. Be2 Be7 8. 0-0 0-0 9. Nc3 Nc6 10. b3 Bf6 11. Be3 Bh5 12. Rc1 Bg6 13. Qd2 h6 14. Ne1 Re8 15. a3 Be7 16. b4 a6 17. g3 Bf5 18. Ng2 Qd7 19. Rfd1 Rad8 20. Qb2 Qc8 21. a4 d5 22. c5 Na8 23. Nf4 Be6 24. Nxe6 fxe6 25. Bg4 Nb8 26. Qb1 Rf8 27. Bxh6 gxh6 28. Qg6+ Kh8 29. Qxh6+ 1-0

[Event "Wch U08"]
[Site "Pocos de Caldas"]
[Date "2017.08.23"]
[Round "2"]
[White "Wongso, Steve"]
[Black "Lavandeira, Juan Facundo"]
[Result "1-0"]
[WhiteElo "1732"]
[BlackElo "1335"]
[PlyCount "38"]
[EventDate "2017.08.22"]
[EventType "swiss"]
[EventRounds "11"]
[EventCountry "BRA"]
[SourceTitle "CBM 180 Extra"]
[Source "ChessBase"]
[SourceDate "2017.10.06"]
[SourceVersion "1"]
[SourceVersionDate "2017.10.06"]
[SourceQuality "1"]

1. e4 Nf6 2. e5 Nd5 3. d4 d6 4. c4 Nb6 5. exd6 exd6 6. Nc3 Be7 7. Bd3 Bf6 8. Nge2 Nc6 9. Be3 Bd7 10. 0-0 0-0 11. b3 g6 12. Bc2 Qe7 13. Nf4 Rfe8 14. Ncd5 Nxd5 15. Nxd5 Qd8 16. Nxf6+ Qxf6 17. d5 Nd8 18. Bd4 Qe7 19. Qf3 b6 1-0

[Event "Pan American-ch U08"]
[Site "San Jose"]
[Date "2017.07.03"]
[Round "4"]
[White "Lavandeira, Juan Facundo"]
[Black "Mishra, Abhimanyu"]
[Result "0-1"]
[WhiteElo "1347"]
[BlackElo "1696"]
[PlyCount "48"]
[EventDate "2017.07.01"]
[EventType "swiss"]
[EventRounds "9"]
[EventCountry "CRI"]
[SourceTitle "EXT 2022"]
[Source "ChessBase"]
[SourceDate "2021.10.06"]
[SourceVersion "1"]
[SourceVersionDate "2021.10.06"]
[SourceQuality "1"]

1. e4 c5 2. Nf3 e6 3. b3 Nc6 4. Bb2 d6 5. Bb5 Bd7 6. d3 Nf6 7. e5 Nxe5 8. Nxe5 Bxb5 9. c4 dxe5 10. cxb5 Bd6 11. Nd2 Qc7 12. Nc4 0-0 13. Qe2 Nd7 14. Qg4 Nb6 15. f4 Nxc4 16. bxc4 f5 17. Qg3 exf4 18. Qg5 Be5 19. 0-0-0 Bxb2+ 20. Kxb2 a6 21. h4 axb5 22. cxb5 Qe5+ 23. d4 Qe2+ 24. Kc3 Ra3# 0-1

[Event "Pan American-ch U08"]
[Site "San Jose"]
[Date "2017.07.02"]
[Round "3"]
[White "Chavez Bautista, Lennin Alfredo"]
[Black "Lavandeira, Juan Facundo"]
[Result "0-1"]
[WhiteElo "1215"]
[BlackElo "1347"]
[PlyCount "52"]
[EventDate "2017.07.01"]
[EventType "swiss"]
[EventRounds "9"]
[EventCountry "CRI"]
[SourceTitle "EXT 2022"]
[Source "ChessBase"]
[SourceDate "2021.10.06"]
[SourceVersion "1"]
[SourceVersionDate "2021.10.06"]
[SourceQuality "1"]

1. e4 Nf6 2. e5 Nd5 3. Bc4 Nb6 4. Bb3 d6 5. exd6 exd6 6. Ne2 Be7 7. 0-0 Nc6 8. Nbc3 Bf5 9. d3 Qd7 10. Bf4 g5 11. Be3 h5 12. Qd2 Rg8 13. Nd4 h4 14. h3 g4 15. hxg4 Rxg4 16. Nxf5 Qxf5 17. f3 Rg8 18. Rfe1 h3 19. Re2 Rg3 20. Bxb6 axb6 21. Qe3 Qg6 22. Qd2 Ne5 23. Bd5 Bg5 24. Qe1 Rxg2+ 25. Rxg2 Be3+ 26. Qxe3 Qxg2# 0-1